000 01565nam a22004217a 4500
001 0006751
003 KOHA_MİRAKIL
005 20260207001533.0
007 ta
008 090819b2006 tu |||gr||||#0|||0|tur |
020 _a9751938597(tk)
020 _a9751938619(c.2)
_c0,01
040 _aTR-BiSEU
_btur
_cTR-BiSEU
_erda
041 0 _atur
044 _ctu
050 _aDR435
_b.O86 2006
245 0 _aOsmanlı belgelerinde Ermeni-Rus ilişkileri 1899-1906/
_ceditör Yusuf Sarınay, Ahmet Semih Torun...[ve bşk.].
264 1 _aAnkara :
_bT.C. Başbakanlık Devlet Arşivleri Genel Müdürlüğü
_c2006
300 _a3 c.: resimli
336 _ametin
_btxt
_2rdacontent
337 _aaracısız
_bn
_2rdamedia
338 _acilt
_bnc
_2rdacarrier
490 1 _aT.C.
490 1 _aBaşbakanlık Devlet Arşivleri Genel Müdürlüğü Osmanlı Arşivi Daire Başkanlığı ;
_vyayın nu.
490 1 _a79
500 _aIncludes facsimiles of original documents in Ottoman Turkish.
500 _aKaynakça ve dizin var.
500 _a1. 1841-1898-- 2. 1899-1906-- 3. 1907-1921.
650 0 _aArmenians--Turkey--History--Sources.
_916670
650 0 _aTurkey--Ethnic relations--History--Sources.
_916671
650 0 _aRussia--Relations--Turkey--Sources.
_916672
650 0 _aTurkey--Relations--Russia--Sources.
_916673
830 1 _aT.C.
_96297
830 1 _aBaşbakanlık Devlet Arşivleri Genel Müdürlüğü Osmanlı Arşivi Daire Başkanlığı ;
_vyayın nu.
_915935
830 1 _a79
_97849
907 _aTarih
942 _2lcc
_cBK
999 _c6732
_d6732